| 000 | 01016nam a2200241 u 4500 | ||
|---|---|---|---|
| 001 | 000462511 | ||
| 003 | AM-YeHGA | ||
| 005 | 20250617133630.0 | ||
| 008 | 051109s1973 ||||||||||||||||||||rus|d | ||
| 040 | _aAM-YeHGA | ||
| 041 | 1 | _arus | |
| 100 | 1 | _aЧичерин, Георгий Васильевич | |
| 245 | 1 | 0 |
_aМоцарт : _bИсслед. этюд / _cГ. Чичерин ; Общ. ред., вступ. ст., коммент., пер. иностр. текста Е.Ф. Бронфин. |
| 250 | _a3-е изд. | ||
| 260 |
_aЛенинград : _bМузыка, _c1973. |
||
| 300 |
_a318 с. : _bпортр., ил., нот. ил. |
||
| 600 | 1 | 4 |
_aМоцарт, Вольфганг Амадей _d1756-1791 |
| 650 | 1 | 4 | _aКомпозиторы австрийские |
| 650 | 1 | 4 |
_aМузыкальная культура _zАвстрия |
| 653 | 0 | _aАвстрийская музыка - 18 в. | |
| 700 | 1 |
_aБронфин, Е.Ф. _eред. _eвступ. ст. _eпер. _4edt _4aui _4trl |
|
| 090 | _c170091 | ||
| 999 |
_c168659 _d168659 |
||